01157nab a22002057a 4500999001500000003000400015005001700019008004100036040000700077100003300084245014700117300001500264505040800279505007200687650002800759650001900787650002800806773010400834942001300938 c5834d5834OSt20260107130020.0190514b xxu||||| |||| 00| 0 spa d cPJ 96733aAlma, María Daniela 10aMultiparentalidad y alimentos :blos problemas de la triple filiación como vía para obtener una cuota alimentaria /cMaría Daniela Alma. ap. 199-206 aSumario: I. El binarismo filial como regla y algunos interrogantes.— II. El impacto de la socioafectividad en el instituto de la filiación, quiebre del binarismo.— III. La multiparentalidad y la obligación alimentaria.— IV. La filiación multiparental como “instrumento” para acceder a derechos alimentarios.— V. La acción declarativa de certeza como alternativa.— VI. Conclusión. tSi te interesa el texto, comunicate a koha@justierradelfuego.gov.ar 09967aDERECHO DE FAMILIA 09968aALIMENTOS 094099aCUOTA ALIMENTARIA0 0284493222dBuenos Aires : AbeledoPerrot, 1989-tDerecho de familia. N° 118 - Marzo 2025z18511201 2udccANA